| 000 | 01557nam0a2200325 i 4500 | ||
|---|---|---|---|
| 001 | RU\NLR\bibl\1938839 | ||
| 005 | 20260409075023.0 | ||
| 010 |
_a9785997319502 _9100 |
||
| 021 |
_aRU _b2012-58685 _94296 |
||
| 035 | _a(NLR Aleph) 001928125 | ||
| 090 |
_a3398159 _c3398159 |
||
| 100 | _a20120830d2012 u y0rusy50 ca | ||
| 101 | 0 | _arus | |
| 102 | _aRU | ||
| 105 | _aa ||||||||| | ||
| 200 | 1 |
_aПрактика "Пробные уроки и занятия" _eметодическое пособие для преподавателей и студентов, специальность 050709 "Преподавание в начальных классах" _fДеп. образования г. Москвы, ГБОУ СПО "Пед. колледж N° 1 им. К.Д. Ушинского" _g[авт.-сост.: Н.К. Булычева и др.] |
|
| 210 |
_aМосква _cСпутник+ _d2012 |
||
| 215 |
_a109 с. _cил. _d21 |
||
| 320 | _aБиблиогр.: с. 25 (7 назв.) | ||
| 606 |
_aНачальные школы _jМетодические пособия _xПреподавание _92301447 _3RU\NLR\auth\661377854 |
||
| 686 | _aЧ421.2,01я8 | ||
| 702 | 1 |
_aБулычева _bН. К. _gНадежда Константиновна _4220 |
|
| 712 | 0 | 2 |
_4570 _aПедагогический колледж им. К. Д. Ушинского _c1; Москва _9771474 _3RU\NLR\AUTH\8810138055 |
| 801 | 0 |
_aRU _bNLR _c20120830 _gRCR |
|
| 801 | 1 |
_aRU _bNLR _c20120830 |
|
| 830 | _aпо эк | ||
| 942 | _cBOOK | ||
| 980 | _aNBR | ||